[Event "Campeonato de Aragon por Equipos 2026 - "]
[Site "?"]
[Date "2026.01.24"]
[Round "1.1"]
[White "Romero Pallares, Daniel"]
[Black "Quintin Navarro, Alberto"]
[Result "1/2-1/2"]
[WhiteElo "2257"]
[BlackElo "2360"]
[PlyCount "98"]
[GameId "2271383483136932"]
[EventDate "2026.01.24"]
[WhiteTeam "Palacio De Pioneros"]
[BlackTeam "MyInvestor Casablanca A"]

1. e4 e5 2. Nf3 Nf6 3. Nxe5 d6 4. Nf3 Nxe4 5. Bd3 Nf6 6. O-O Be7 7. Re1 O-O 8. Bf1 d5 9. d4 Bg4 10. h3 Bh5 11. g4 Bg6 12. c4 Nbd7 13. Nc3 dxc4 14. Bxc4 Nb6 15. Bb3 c5 16. dxc5 Bxc5 17. Qxd8 Raxd8 18. Ne5 Rfe8 19. Bg5 Bd4 20. Nxg6 hxg6 21. Nb5 Bxb2 22. Rxe8+ Rxe8 23. Rb1 Be5 24. Nxa7 Bd4 25. Bxf6 gxf6 26. Nb5 Bc5 27. Kf1 Nd7 28. Rd1 Ne5 29. Nd6 Bxd6 30. Rxd6 Kg7 31. f4 Nc6 32. Bd5 Ra8 33. Rd7 Nd8 34. Ke2 Kf8 35. Bb3 Ke8 36. Rc7 Ne6 37. Rxb7 Nxf4+ 38. Kd2 Nxh3 39. Rxf7 Ra6 40. Ke3 g5 41. Ke4 Nf2+ 42. Kf5 Ra5+ 43. Kxf6 Nxg4+ 44. Kg7 Ne5 45. Rf5 g4 46. Rg5 Ke7 47. Bd1 Kd6 48. Bxg4 Ra7+ 49. Kg8 Nxg4 1/2-1/2

[Event "Campeonato de Aragon por Equipos 2026 - "]
[Site "?"]
[Date "2026.01.24"]
[Round "1.2"]
[White "Glavina, Pablo"]
[Black "Palacios Herrero, Pablo"]
[Result "1-0"]
[WhiteElo "2341"]
[BlackElo "2175"]
[PlyCount "63"]
[GameId "2271383483136933"]
[EventDate "2026.01.24"]
[WhiteTeam "MyInvestor Casablanca A"]
[BlackTeam "Palacio De Pioneros"]

1. e4 e6 2. d4 d5 3. Nd2 c5 4. exd5 Qxd5 5. dxc5 Qxc5 6. Ngf3 Nf6 7. Bd3 Be7 8. O-O Nc6 9. Qe2 Bd7 10. a3 Qh5 11. Re1 O-O 12. Nf1 Rfd8 13. Ng3 Qa5 14. Bf4 Qb6 15. c3 Nd5 16. Bd2 Na5 17. c4 Nf6 18. b4 Nc6 19. Bc3 Be8 20. Rad1 a5 21. b5 Nb8 22. Nf5 Bc5 23. Nxg7 Kxg7 24. Qe5 Nbd7 25. Qg5+ Kf8 26. Rd2 e5 27. Nxe5 Bd4 28. Qh6+ Kg8 29. Bxd4 Qxd4 30. Bxh7+ Nxh7 31. Rxd4 Nxe5 32. Rh4 1-0

[Event "Campeonato de Aragon por Equipos 2026 - "]
[Site "?"]
[Date "2026.01.24"]
[Round "1.3"]
[White "Dan, Teodor"]
[Black "Vela Frago, Alberto"]
[Result "1/2-1/2"]
[WhiteElo "2086"]
[BlackElo "2303"]
[PlyCount "60"]
[GameId "2271383483177894"]
[EventDate "2026.01.24"]
[WhiteTeam "Palacio De Pioneros"]
[BlackTeam "MyInvestor Casablanca A"]

1. d4 d5 2. c4 e6 3. Nf3 Nf6 4. Bg5 h6 5. Bxf6 Qxf6 6. Nc3 Bb4 7. Qa4+ Nc6 8. Ne5 a5 9. cxd5 exd5 10. e3 O-O 11. Nxc6 bxc6 12. Bd3 Bxc3+ 13. bxc3 Qg5 14. Kf1 Bf5 15. Qc2 Bxd3+ 16. Qxd3 Rfb8 17. Rb1 Qg4 18. h3 Rxb1+ 19. Qxb1 Qc8 20. g3 Rb8 21. Qc2 Rb6 22. Kg2 Qb7 23. Qf5 a4 24. h4 a3 25. Qd7 Qb8 26. e4 Rb1 27. Rxb1 Qxb1 28. Qc8+ Kh7 29. Qf5+ Kg8 30. Qc8+ Kh7 1/2-1/2

[Event "Campeonato de Aragon por Equipos 2026 - "]
[Site "?"]
[Date "2026.01.24"]
[Round "1.4"]
[White "Atares Buisan, Sergio"]
[Black "Zambrana Petisme, Ramiro"]
[Result "1/2-1/2"]
[WhiteElo "2193"]
[BlackElo "2077"]
[PlyCount "135"]
[GameId "2271383483177895"]
[EventDate "2026.01.24"]
[WhiteTeam "MyInvestor Casablanca A"]
[BlackTeam "Palacio De Pioneros"]

1. e4 c5 2. Nf3 Nc6 3. d4 cxd4 4. Nxd4 g6 5. Nc3 Bg7 6. Be3 Nf6 7. Bc4 Qa5 8. O-O d6 9. h3 O-O 10. Bb3 Bd7 11. f4 Nxd4 12. Bxd4 Bc6 13. Qd3 Nd7 14. Bxg7 Kxg7 15. Qd4+ Kg8 16. Kh1 Qc5 17. Qd2 b5 18. Rae1 b4 19. Nd5 Bxd5 20. exd5 a5 21. a4 bxa3 22. Rxe7 a4 23. Ba2 Rae8 24. b4 axb3 25. Rxe8 Rxe8 26. Bxb3 Nf6 27. f5 Ne4 28. Qe1 Qc3 29. Qxc3 Nxc3 30. fxg6 hxg6 31. Ra1 Ra8 32. Kg1 Kg7 33. Kf2 Kf6 34. Ke3 Ra5 35. Kd4 Ne2+ 36. Ke3 Nc3 37. Kd4 Ne2+ 38. Ke3 Ng3 39. Kf3 Nf5 40. Ke4 Kg5 41. c4 Kh4 42. Kf4 Ng3 43. Kf3 Nf5 44. Kf4 Ng3 45. Kf3 f5 46. Ke3 Ne4 47. g4 Nc5 48. Bc2 fxg4 49. hxg4 Kg5 50. Kd4 Kxg4 51. Kc3 g5 52. Kb4 Ra7 53. Rxa3 Rxa3 54. Kxa3 Kf4 55. Bd1 g4 56. Be2 g3 57. Bf1 Ke3 58. Kb4 Kf2 59. Bh3 Nd3+ 60. Kb5 Nf4 61. c5 dxc5 62. d6 Nxh3 63. d7 g2 64. d8=Q g1=Q 65. Qf6+ Kg2 66. Qg6+ Kf1 67. Qxg1+ Kxg1 68. Kxc5 1/2-1/2

[Event "Campeonato de Aragon por Equipos 2026 - "]
[Site "?"]
[Date "2026.01.24"]
[Round "1.5"]
[White "Lorente Melcon, Maximo"]
[Black "Cid Royo, Jonathan"]
[Result "1/2-1/2"]
[WhiteElo "2301"]
[BlackElo "2128"]
[PlyCount "82"]
[GameId "2271383483177896"]
[EventDate "2026.01.24"]
[WhiteTeam "MyInvestor Casablanca B"]
[BlackTeam "L'Aurora Estadilla M64"]

1. e4 c5 2. Nf3 d6 3. Bc4 Nf6 4. d3 e6 5. O-O Be7 6. a4 O-O 7. Bb3 Nc6 8. c3 h6 9. Re1 e5 10. Nbd2 a6 11. Nf1 Be6 12. Ne3 Qd7 13. Nd5 Rae8 14. Nd2 Bxd5 15. exd5 Na5 16. Ba2 b5 17. b4 cxb4 18. cxb4 Nb7 19. axb5 axb5 20. d4 exd4 21. Nf3 Bd8 22. Rxe8 Rxe8 23. Bb2 Bb6 24. Nxd4 Bxd4 25. Bxd4 Qf5 26. Qf1 Qf4 27. Rd1 Re4 28. Be3 Qe5 29. Bd2 Ng4 30. g3 Re2 31. Re1 Qh5 32. h3 Rxf2 33. Qd3 f5 34. Re2 Rxe2 35. Qxe2 Qxh3 36. Bf4 Kf8 37. Bb1 Qh5 38. Qc2 Nf6 39. Qc8+ Qe8 40. Bxf5 Nxd5 41. Qxb7 Qe1+ 1/2-1/2

[Event "Campeonato de Aragon por Equipos 2026 - "]
[Site "?"]
[Date "2026.01.24"]
[Round "1.6"]
[White "Pellicer Cerezuela, Miguel"]
[Black "Conon, Catalin"]
[Result "1/2-1/2"]
[WhiteElo "2062"]
[BlackElo "2214"]
[PlyCount "80"]
[GameId "2271383483177897"]
[EventDate "2026.01.24"]
[WhiteTeam "L'Aurora Estadilla M64"]
[BlackTeam "MyInvestor Casablanca B"]

1. d4 d5 2. c4 e6 3. Nc3 Nf6 4. cxd5 exd5 5. Bg5 c6 6. Qc2 Be6 7. e3 Nbd7 8. Bd3 h6 9. Bh4 g5 10. Bg3 Nh5 11. Nge2 Nxg3 12. Nxg3 h5 13. f3 h4 14. Nge2 Nb6 15. O-O-O Qc7 16. g4 O-O-O 17. h3 Bd6 18. Kb1 Rhe8 19. e4 f6 20. Rhf1 Kb8 21. Na4 Nxa4 22. Qxa4 Bg8 23. Nc3 Bf4 24. Rf2 Qb6 25. Rc2 Bh7 26. a3 Bg8 27. exd5 Bxd5 28. Nxd5 Rxd5 29. Be4 Ra5 30. Qc4 a6 31. Ka2 Bd6 32. Qf7 Rf8 33. Qe6 Qd8 34. Rd3 Qe7 35. Qc4 Qf7 36. d5 c5 37. Bf5 Rb5 38. Rb3 Rxb3 39. Qxb3 Re8 40. Be6 Qe7 1/2-1/2

[Event "Campeonato de Aragon por Equipos 2026 - "]
[Site "?"]
[Date "2026.01.24"]
[Round "1.7"]
[White "Ruiz Fernandez, Daniel"]
[Black "Ayensa Garcia, Miguel Angel"]
[Result "1-0"]
[WhiteElo "2189"]
[BlackElo "2007"]
[PlyCount "59"]
[GameId "2271383483177898"]
[EventDate "2026.01.24"]
[WhiteTeam "MyInvestor Casablanca B"]
[BlackTeam "L'Aurora Estadilla M64"]

1. e4 c5 2. Nf3 e6 3. d4 cxd4 4. Nxd4 Nf6 5. Nc3 Nc6 6. Ndb5 d6 7. Bf4 e5 8. Bg5 a6 9. Na3 b5 10. Bxf6 Qxf6 11. Nd5 Qd8 12. Bxb5 axb5 13. Nxb5 Qa5+ 14. c3 Kd8 15. a4 Rb8 16. b4 Qa6 17. O-O h5 18. Ndc7 Qb7 19. a5 Na7 20. c4 Nxb5 21. Nxb5 Bd7 22. a6 Qb6 23. Nc3 Qa7 24. b5 Be6 25. Nd5 Bxd5 26. Qxd5 Rb6 27. Rfd1 Ke8 28. c5 Rxb5 29. Qc6+ Qd7 30. Qxb5 1-0

[Event "Campeonato de Aragon por Equipos 2026 - "]
[Site "?"]
[Date "2026.01.24"]
[Round "1.8"]
[White "Pellicer Cemeli, Jose Luis"]
[Black "Lorente Melcon, Hector"]
[Result "0-1"]
[WhiteElo "1931"]
[BlackElo "2070"]
[PlyCount "88"]
[GameId "2271383483177899"]
[EventDate "2026.01.24"]
[WhiteTeam "L'Aurora Estadilla M64"]
[BlackTeam "MyInvestor Casablanca B"]

1. e4 c5 2. Nf3 e6 3. d4 cxd4 4. Nxd4 Nf6 5. Bd3 Nc6 6. Nxc6 bxc6 7. Bf4 d5 8. Nd2 Be7 9. O-O O-O 10. e5 Nd7 11. Qh5 g6 12. Qh6 Re8 13. Nf3 Bf8 14. Qh3 Bg7 15. Rae1 Qc7 16. Ng5 Nf8 17. Nf3 a5 18. Bh6 Ba6 19. Bxg7 Kxg7 20. Qh4 Nd7 21. Ng5 h6 22. Nxf7 Kxf7 23. Qxh6 Nf8 24. Bxg6+ Ke7 25. Bxe8 Kxe8 26. Re3 Bxf1 27. Kxf1 Ra7 28. Rf3 Qg7 29. Qh5+ Rf7 30. Ra3 Qg6 31. Qxg6 Nxg6 32. Rxa5 Nxe5 33. Ra8+ Ke7 34. Ra7+ Nd7 35. g3 e5 36. Ke2 Kd6 37. b4 Rf8 38. h4 e4 39. a4 Ne5 40. a5 d4 41. a6 d3+ 42. cxd3 exd3+ 43. Ke1 Nf3+ 44. Kd1 Re8 0-1

[Event "Campeonato de Aragon por Equipos 2026 - "]
[Site "?"]
[Date "2026.01.24"]
[Round "1.9"]
[White "Moreno Gracia, Daniel"]
[Black "Arrieta Restrepo, Steven"]
[Result "1/2-1/2"]
[WhiteElo "2275"]
[BlackElo "2114"]
[PlyCount "62"]
[GameId "2271383483177900"]
[EventDate "2026.01.24"]
[WhiteTeam "Iberajedrez Mundo 64"]
[BlackTeam "Monzon"]

1. c4 e5 2. Nc3 Nf6 3. Nf3 Nc6 4. a3 a5 5. e3 Be7 6. Be2 O-O 7. O-O d5 8. cxd5 Nxd5 9. Qc2 Kh8 10. d3 f5 11. Bd2 Nb6 12. Rac1 a4 13. Nb5 Be6 14. Qb1 Bf6 15. e4 Rc8 16. Rxc6 bxc6 17. Na7 Ra8 18. Nxc6 Qe8 19. Ncxe5 Qb5 20. Re1 Bxe5 21. d4 Bc4 22. Bxc4 Nxc4 23. dxe5 fxe4 24. Qxe4 Nxd2 25. Nxd2 Qxb2 26. Nf3 Qxa3 27. Ng5 g6 28. e6 Qb2 29. Qh4 Qg7 30. Nf7+ Kg8 31. Nh6+ Kh8 1/2-1/2

[Event "Campeonato de Aragon por Equipos 2026 - "]
[Site "?"]
[Date "2026.01.24"]
[Round "1.10"]
[White "Hidalgo Gracia, Andres"]
[Black "Eizaguerri Floris, Maria"]
[Result "1-0"]
[WhiteElo "2105"]
[BlackElo "2161"]
[PlyCount "111"]
[GameId "2271383483177901"]
[EventDate "2026.01.24"]
[WhiteTeam "Monzon"]
[BlackTeam "Iberajedrez Mundo 64"]

1. d4 d5 2. c4 e6 3. Nf3 Nf6 4. cxd5 exd5 5. Nc3 c6 6. Bg5 Be7 7. e3 Nbd7 8. Bd3 Nh5 9. Bxe7 Qxe7 10. O-O O-O 11. Qc2 g6 12. Rab1 Nb6 13. b4 a6 14. a4 Be6 15. a5 Nc8 16. Na4 Nd6 17. Nc5 Nf6 18. Nxe6 Qxe6 19. Nd2 Rfe8 20. Nb3 Nfe4 21. f3 Ng5 22. Rbe1 f5 23. Nc5 Qe7 24. Re2 Qg7 25. Nxa6 f4 26. exf4 Nxf3+ 27. Rxf3 Qxd4+ 28. Kf1 bxa6 29. Bxg6 Rxe2 30. Bxh7+ Kh8 31. Kxe2 Re8+ 32. Kf1 Qxb4 33. Qb1 Qc4+ 34. Bd3 Qd4 35. Qd1 Nf5 36. Rh3+ Kg8 37. Qg4+ Ng7 38. Bh7+ Kf8 39. Bb1 Qc4+ 40. Kf2 Qd4+ 41. Kf1 Qc4+ 42. Kf2 Qc5+ 43. Kg3 Re3+ 44. Kh4 Rxh3+ 45. Kxh3 Qxa5 46. Qc8+ Ke7 47. Qxc6 Qd2 48. Qc7+ Kf6 49. Qd6+ Ne6 50. Qe5+ Kf7 51. g3 d4 52. Bf5 Ng7 53. Be4 Ne8 54. Bd5+ Kf8 55. Qe6 Kg7 56. Qxe8 1-0

[Event "Campeonato de Aragon por Equipos 2026 - "]
[Site "?"]
[Date "2026.01.24"]
[Round "1.11"]
[White "Garcia Acin, Pablo"]
[Black "Barranco Mananet, Fernando"]
[Result "1/2-1/2"]
[WhiteElo "2066"]
[BlackElo "2009"]
[PlyCount "65"]
[GameId "2271383483243438"]
[EventDate "2026.01.24"]
[WhiteTeam "Iberajedrez Mundo 64"]
[BlackTeam "Monzon"]

1. e4 e6 2. d4 d5 3. Nc3 Bb4 4. Nge2 dxe4 5. a3 Be7 6. Nxe4 Nf6 7. Nxf6+ Bxf6 8. Be3 O-O 9. Qd2 b6 10. O-O-O Bb7 11. Nf4 g6 12. Bc4 e5 13. dxe5 Qxd2+ 14. Rxd2 Bxe5 15. Rhd1 Nc6 16. Nd5 Kg7 17. f4 Bd6 18. g4 Rae8 19. Rf2 Rxe3 20. Nxe3 Bc5 21. Re1 Re8 22. Rfe2 Re4 23. Bd5 Rxf4 24. b4 Bd4 25. b5 Na5 26. Bxb7 Nxb7 27. h3 Rf3 28. h4 Nc5 29. Nc4 Rc3 30. Ne5 Rxa3 31. Nc4 Rc3 32. Ne5 Ra3 33. Nc4 1/2-1/2

[Event "Campeonato de Aragon por Equipos 2026 - "]
[Site "?"]
[Date "2026.01.24"]
[Round "1.12"]
[White "Rodriguez Aranda, Kevin"]
[Black "Sancho Cortes, Miguel Angel"]
[Result "0-1"]
[WhiteElo "1851"]
[BlackElo "2023"]
[PlyCount "50"]
[GameId "2271383483243439"]
[EventDate "2026.01.24"]
[WhiteTeam "Monzon"]
[BlackTeam "Iberajedrez Mundo 64"]

1. e4 c5 2. Nf3 e6 3. d4 cxd4 4. Nxd4 Nf6 5. Bd3 Nc6 6. c3 e5 7. Nxc6 dxc6 8. Bg5 Be7 9. O-O Be6 10. a4 a5 11. Na3 Nd7 12. Be3 Bc5 13. Qe2 Bxe3 14. Qxe3 Qb6 15. Qe2 Nc5 16. Bc4 Rd8 17. Rfd1 O-O 18. Bxe6 Nxe6 19. Nc4 Qc5 20. b3 Rxd1+ 21. Rxd1 b5 22. axb5 cxb5 23. Nxa5 Qxc3 24. Qxb5 Nd4 25. Kf1 Nxb5 0-1

[Event "Campeonato de Aragon por Equipos 2026 - "]
[Site "?"]
[Date "2026.01.24"]
[Round "1.13"]
[White "Ramiro Ovejero, Juan Luis"]
[Black "Cifuentes Parada, Roberto"]
[Result "1/2-1/2"]
[WhiteElo "2334"]
[BlackElo "2380"]
[PlyCount "55"]
[GameId "2271383483243440"]
[EventDate "2026.01.24"]
[WhiteTeam "Maristas"]
[BlackTeam "Jaque - Aramovil"]

1. d4 Nf6 2. Bg5 e6 3. Nf3 c5 4. e3 h6 5. Bh4 b6 6. Nbd2 Bb7 7. c3 Be7 8. Bd3 O-O 9. Qe2 cxd4 10. exd4 d6 11. Bxf6 Bxf6 12. h4 Nd7 13. g4 e5 14. d5 e4 15. Nxe4 Re8 16. O-O-O Bxd5 17. Rhe1 Ne5 18. Bb5 Nxf3 19. Qxf3 Bxe4 20. Rxe4 Rxe4 21. Qxe4 Bxh4 22. Rxd6 Qxd6 23. Qxa8+ Kh7 24. Qe4+ g6 25. f3 Bg5+ 26. Kc2 Qd2+ 27. Kb3 Qd1+ 28. Ka3 1/2-1/2

[Event "Campeonato de Aragon por Equipos 2026 - "]
[Site "?"]
[Date "2026.01.24"]
[Round "1.14"]
[White "Calvo Simon, Jorge"]
[Black "Ramo Frontinan, Cristobal"]
[Result "1-0"]
[WhiteElo "2178"]
[BlackElo "2246"]
[PlyCount "125"]
[GameId "2271383483243441"]
[EventDate "2026.01.24"]
[WhiteTeam "Jaque - Aramovil"]
[BlackTeam "Maristas"]

1. c4 Nf6 2. g3 e6 3. Bg2 d5 4. Nf3 Be7 5. O-O O-O 6. b3 c5 7. Bb2 b6 8. cxd5 Nxd5 9. a3 Bb7 10. Qc2 Bf6 11. Nc3 Nxc3 12. Bxc3 Bxc3 13. dxc3 Nc6 14. b4 Qe7 15. Rfd1 Rfd8 16. Rd2 Rxd2 17. Nxd2 Ne5 18. Bxb7 Qxb7 19. bxc5 bxc5 20. Rb1 Qd5 21. Qe4 Rc8 22. Qxd5 exd5 23. Rb7 Nc6 24. Rb5 Ne7 25. Nb3 c4 26. Nd4 g6 27. Ra5 Rc7 28. a4 Rd7 29. f3 Kf8 30. Kf2 Ke8 31. Nb5 Nc8 32. h4 h5 33. Ra6 Kd8 34. g4 hxg4 35. fxg4 Re7 36. Nd4 Ke8 37. Kf3 Rb7 38. Nb5 Kf8 39. Rc6 Nb6 40. Nd6 Rd7 41. a5 Na4 42. Nb5 Rb7 43. Rc8+ Ke7 44. h5 gxh5 45. gxh5 Kf6 46. Nd6 Rb3 47. Kg4 Nxc3 48. Ne8+ Ke7 49. h6 Ne4 50. h7 f5+ 51. Kxf5 Rh3 52. Nf6 Nd6+ 53. Kg4 Rxh7 54. Rc7+ Kxf6 55. Rxh7 Ke5 56. Rxa7 c3 57. Rh7 Ke4 58. a6 Nb5 59. a7 c2 60. a8=Q c1=Q 61. Qe8+ Kd4 62. Qh8+ Ke3 63. Qe5+ 1-0

[Event "Campeonato de Aragon por Equipos 2026 - "]
[Site "?"]
[Date "2026.01.24"]
[Round "1.15"]
[White "Newrkla, Katharina"]
[Black "Ereza Vizcarra, Fernando"]
[Result "1/2-1/2"]
[WhiteElo "2231"]
[BlackElo "2151"]
[PlyCount "108"]
[GameId "2271383483243442"]
[EventDate "2026.01.24"]
[WhiteTeam "Maristas"]
[BlackTeam "Jaque - Aramovil"]

1. e4 c5 2. Nf3 e6 3. d4 cxd4 4. Nxd4 Nc6 5. Nc3 Bc5 6. Nxc6 bxc6 7. Bd3 Ne7 8. O-O O-O 9. e5 Ng6 10. Qh5 Bb4 11. Ne4 Qh4 12. Qxh4 Nxh4 13. Bd2 Be7 14. Be3 f5 15. Nc5 f4 16. Bd4 Nf5 17. c3 Nxd4 18. cxd4 Rb8 19. b3 Rd8 20. Bc4 Kf7 21. Rfe1 d5 22. exd6 Rxd6 23. Re4 Bf6 24. Rae1 Rxd4 25. Rxd4 Bxd4 26. Nxe6 Bxe6 27. Rxe6 Kf8 28. Re4 Bf6 29. Rxf4 Rd8 30. g3 Rd1+ 31. Kg2 Rd2 32. a3 Ke7 33. h4 h6 34. Rf5 Kd6 35. Kh3 Bd4 36. f4 Rd1 37. Rf8 Kc7 38. h5 Bc5 39. Rf7+ Rd7 40. Rf5 Bf2 41. Re5 Bd4 42. Re8 Bc5 43. a4 Re7 44. Rxe7+ Bxe7 45. Kg4 Kd8 46. Kf5 Ke8 47. g4 Kf8 48. Ke6 Bb4 49. g5 Bd2 50. gxh6 gxh6 51. f5 a5 52. Kd6 Kg7 53. Kxc6 Kf6 54. Bd3 Bb4 1/2-1/2

[Event "Campeonato de Aragon por Equipos 2026 - "]
[Site "?"]
[Date "2026.01.24"]
[Round "1.16"]
[White "Montoro Mavilla, Sergio"]
[Black "Neila Castillo, Miguel Angel"]
[Result "1-0"]
[WhiteElo "1962"]
[BlackElo "2114"]
[PlyCount "103"]
[GameId "2271383483243443"]
[EventDate "2026.01.24"]
[WhiteTeam "Jaque - Aramovil"]
[BlackTeam "Maristas"]

1. e4 c5 2. Nf3 g6 3. c4 Nc6 4. d4 cxd4 5. Nxd4 Bg7 6. Be3 Nf6 7. Nc3 d6 8. Be2 O-O 9. O-O Bd7 10. h3 Nxd4 11. Bxd4 Bc6 12. Qc2 a5 13. Rad1 Nd7 14. Bxg7 Kxg7 15. Bg4 Nc5 16. e5 f5 17. exf6+ Rxf6 18. Nd5 Bxd5 19. Rxd5 Qf8 20. Re1 e6 21. Rd2 h5 22. Bf3 Rd8 23. Red1 a4 24. Qc3 e5 25. Bd5 Qe7 26. b4 axb3 27. axb3 Kh7 28. b4 Ne6 29. Qe3 Nf4 30. Kh2 Rdf8 31. Be4 Qd7 32. c5 d5 33. Bxd5 Nxd5 34. Rxd5 Qf5 35. Rxe5 Qxf2 36. Rd7+ R8f7 37. Qxf2 Rxf2 38. Ree7 Kg7 39. Kg3 Rxe7 40. Rxe7+ Kf6 41. Rxb7 Rc2 42. Rb6+ Kf5 43. c6 Rc3+ 44. Kh2 Ke6 45. b5 Kd6 46. Rb7 h4 47. Rg7 Kc5 48. Rxg6 Kxb5 49. Rg4 Kxc6 50. Rxh4 Kd5 51. Rf4 Ke5 52. Rf1 1-0

[Event "Campeonato de Aragon por Equipos 2026 - "]
[Site "?"]
[Date "2026.01.24"]
[Round "1.17"]
[White "Lamas Mercadal, Manuel"]
[Black "Llorente Zaro, Alfonso"]
[Result "0-1"]
[WhiteElo "2174"]
[BlackElo "2427"]
[PlyCount "82"]
[GameId "2271383483243444"]
[EventDate "2026.01.24"]
[WhiteTeam "ONCE C.A. Aragon- Delicias"]
[BlackTeam "Agrupacion"]

1. e4 e5 2. f4 exf4 3. Nf3 Ne7 4. d4 d5 5. Bd3 Nbc6 6. Bxf4 Ng6 7. Bg3 dxe4 8. Bxe4 Bd6 9. Bxd6 cxd6 10. Nc3 Nce7 11. Qd2 d5 12. Bxg6 Nxg6 13. O-O-O O-O 14. h4 h5 15. Qg5 Bg4 16. Qxd5 Qc7 17. Rd2 Rad8 18. Qg5 Rfe8 19. Re1 Rxe1+ 20. Nxe1 Re8 21. Nf3 Kh7 22. Qb5 Qd8 23. Ne5 Nxe5 24. dxe5 Qe7 25. Rd5 Rc8 26. g3 Bf5 27. Qe2 g6 28. Rd2 Qc5 29. Ne4 Bxe4 30. Qxe4 Qg1+ 31. Rd1 Qxg3 32. e6 Re8 33. e7 Qg4 34. Qxb7 Qxh4 35. Rf1 f5 36. Qxa7 Rxe7 37. Qa5 Qc4 38. Rd1 Re2 39. Rd7+ Kh6 40. Rd2 Qf4 41. b3 h4 0-1

[Event "Campeonato de Aragon por Equipos 2026 - "]
[Site "?"]
[Date "2026.01.24"]
[Round "1.18"]
[White "Roque Sola, Jose Luis"]
[Black "Llanes Luno, Ricardo"]
[Result "1-0"]
[WhiteElo "2125"]
[BlackElo "2152"]
[PlyCount "71"]
[GameId "2271383483243445"]
[EventDate "2026.01.24"]
[WhiteTeam "Agrupacion"]
[BlackTeam "ONCE C.A. Aragon- Delicias"]

1. e4 c5 2. Nf3 e6 3. d4 cxd4 4. Nxd4 a6 5. Bd3 Nc6 6. Nxc6 dxc6 7. Nd2 Qc7 8. O-O Nf6 9. a4 Bc5 10. Nc4 b5 11. axb5 cxb5 12. Na5 Bb6 13. b4 h5 14. Bb2 Ng4 15. e5 Bxa5 16. Rxa5 Bb7 17. Qe2 Qc6 18. f3 Qb6+ 19. Kh1 Ne3 20. Qf2 Nd5 21. Bd4 Qc7 22. c3 Nf4 23. Bb1 g5 24. Qe3 h4 25. Be4 Bxe4 26. Qxe4 Nd5 27. f4 Qc4 28. Raa1 h3 29. fxg5 hxg2+ 30. Qxg2 Qd3 31. Rf3 Qg6 32. Rf6 Qh5 33. g6 fxg6 34. Rxe6+ Kf7 35. Rd6 Rad8 36. Qxd5+ 1-0

[Event "Campeonato de Aragon por Equipos 2026 - "]
[Site "?"]
[Date "2026.01.24"]
[Round "1.19"]
[White "Gavin Roche, Enrique"]
[Black "Gimenez Martinez, Alberto"]
[Result "1-0"]
[WhiteElo "2129"]
[BlackElo "2103"]
[PlyCount "75"]
[GameId "2271383483243446"]
[EventDate "2026.01.24"]
[WhiteTeam "ONCE C.A. Aragon- Delicias"]
[BlackTeam "Agrupacion"]

1. d4 Nf6 2. c4 e6 3. Nc3 d5 4. cxd5 exd5 5. Bg5 Be7 6. e3 c6 7. Bd3 Nbd7 8. Qc2 O-O 9. Nf3 Re8 10. O-O Nf8 11. Rab1 g6 12. b4 a6 13. a4 Ne6 14. Bh4 Ng7 15. b5 axb5 16. axb5 Bf5 17. Ne5 Bxd3 18. Qxd3 Nd7 19. Bg3 Ra3 20. Rfc1 Nxe5 21. Bxe5 Ne6 22. bxc6 bxc6 23. Rb8 Qd7 24. Qb1 Rxb8 25. Qxb8+ Bd8 26. Ne2 Ra6 27. h3 Kf8 28. Nf4 Nxf4 29. Bxf4 Kg7 30. Rb1 Ra7 31. Be5+ f6 32. Bd6 Be7 33. Bg3 c5 34. dxc5 Bxc5 35. Rb5 Qe7 36. Rxc5 Qxc5 37. Bd6 Ra8 38. Qb7+ 1-0

[Event "Campeonato de Aragon por Equipos 2026 - "]
[Site "?"]
[Date "2026.01.24"]
[Round "1.20"]
[White "Roque Sola, Gisela"]
[Black "Laliena Solanes, Luis"]
[Result "1-0"]
[WhiteElo "2085"]
[BlackElo "2097"]
[PlyCount "117"]
[GameId "2271383483308983"]
[EventDate "2026.01.24"]
[WhiteTeam "Agrupacion"]
[BlackTeam "ONCE C.A. Aragon- Delicias"]

1. c4 e5 2. Nc3 Bb4 3. Nd5 a5 4. a3 Bc5 5. e3 c6 6. Nc3 d6 7. d4 Ba7 8. dxe5 dxe5 9. Qxd8+ Kxd8 10. Nf3 f6 11. Bd2 Na6 12. Na4 b6 13. c5 Kc7 14. Be2 Ne7 15. O-O Kb7 16. cxb6 Bxb6 17. Rac1 Rd8 18. Rfd1 Be6 19. Bxa5 Rxd1+ 20. Rxd1 Bxa5 21. Bxa6+ Kc7 22. Nc5 Bd5 23. Be2 Bb6 24. Na6+ Kb7 25. Nb4 Be6 26. Nd2 Ba5 27. Nd3 Bb6 28. Ne4 Bd5 29. Nc3 Bb3 30. Rc1 Rd8 31. h3 Nd5 32. Ne4 Ba2 33. Ndc5+ Ka7 34. Ra1 Bxc5 35. Nxc5 Kb6 36. Ne6 Rd6 37. Nxg7 Bb3 38. Nf5 Rd7 39. Rc1 Nc7 40. Bf3 c5 41. Rc3 c4 42. Be2 Nb5 43. Rc1 Rd2 44. Bxc4 Bxc4 45. Rxc4 Rxb2 46. Ne7 Nxa3 47. Rc6+ Kb5 48. Rxf6 Kc4 49. Rh6 Kd3 50. Rxh7 Ke2 51. Rf7 Nc4 52. h4 Rb7 53. h5 Nd6 54. Rg7 Ne8 55. h6 Rb1+ 56. Kh2 Kxf2 57. Rf7+ Kxe3 58. h7 Nd6 59. Rf3+ 1-0

[Event "Campeonato de Aragon por Equipos 2026 - "]
[Site "?"]
[Date "2026.01.24"]
[Round "1.21"]
[White "Galstyan, David"]
[Black "Villuendas Valero, Adrian"]
[Result "1/2-1/2"]
[WhiteElo "2248"]
[BlackElo "2288"]
[PlyCount "33"]
[GameId "2271383483308984"]
[EventDate "2026.01.24"]
[WhiteTeam "El Olivar"]
[BlackTeam "Aulazenter"]

1. e4 e6 2. d4 d5 3. Nc3 Nf6 4. Bg5 h6 5. Bxf6 Qxf6 6. exd5 Bb4 7. Bc4 exd5 8. Bxd5 O-O 9. Nge2 Rd8 10. O-O Bxc3 11. Nxc3 Nc6 12. Bxc6 bxc6 13. Ne4 Qxd4 14. c3 Qxd1 15. Rfxd1 Be6 16. b3 Kf8 17. c4 1/2-1/2

[Event "Campeonato de Aragon por Equipos 2026 - "]
[Site "?"]
[Date "2026.01.24"]
[Round "1.22"]
[White "Asensio Asensio, Nicolas"]
[Black "Miranda Herrera, Miguel"]
[Result "1/2-1/2"]
[WhiteElo "2220"]
[BlackElo "2177"]
[PlyCount "28"]
[GameId "2271383483308985"]
[EventDate "2026.01.24"]
[WhiteTeam "Aulazenter"]
[BlackTeam "El Olivar"]

1. d4 d5 2. c4 c6 3. Nc3 Nf6 4. e3 e6 5. Nf3 Bd6 6. Bd3 dxc4 7. Bxc4 b5 8. Be2 Nbd7 9. O-O a6 10. b3 c5 11. Bb2 Bb7 12. a4 cxd4 13. Nxd4 b4 14. Nb1 Qc7 1/2-1/2

[Event "Campeonato de Aragon por Equipos 2026 - "]
[Site "?"]
[Date "2026.01.24"]
[Round "1.23"]
[White "Munoz Valles, Jorge"]
[Black "Iravedra Iankov, Francisco"]
[Result "0-1"]
[WhiteElo "2076"]
[BlackElo "2070"]
[PlyCount "146"]
[GameId "2271383483308986"]
[EventDate "2026.01.24"]
[WhiteTeam "El Olivar"]
[BlackTeam "Aulazenter"]

1. e4 d6 2. d4 Nf6 3. Nc3 e5 4. Nf3 Nbd7 5. Rg1 g6 6. g4 exd4 7. Nxd4 Bg7 8. Be3 O-O 9. g5 Ne8 10. a3 a6 11. f4 c5 12. Nde2 b5 13. e5 Bb7 14. Bh3 Nb6 15. exd6 b4 16. Bxc5 bxc3 17. d7 cxb2 18. Rb1 Nc4 19. Qd3 Qa5+ 20. Bb4 Qd5 21. Qb3 Ned6 22. Rd1 Qb5 23. a4 Qb6 24. Rg3 Na5 25. Bxa5 Qxa5+ 26. c3 Bd5 27. Qxb2 Ne4 28. Rgd3 Bc4 29. Qb4 Qxb4 30. cxb4 Bxd3 31. Rxd3 Rfd8 32. Bg2 Ra7 33. Bxe4 Raxd7 34. Rxd7 Rxd7 35. b5 a5 36. b6 Bf8 37. Bc6 Bb4+ 38. Kf1 Rd1+ 39. Kg2 Bd6 40. b7 Rd3 41. Bb5 Rd2 42. Kf3 Bb8 43. Nc3 Rxh2 44. Nd5 Rd2 45. Ne7+ Kf8 46. Nc6 Bd6 47. Nxa5 Rd4 48. Nc6 Rxf4+ 49. Ke3 Rf5 50. b8=Q+ Bxb8 51. Nxb8 Rxg5 52. Nc6 h5 53. Nd4 Ke7 54. a5 Rg3+ 55. Kf4 Ra3 56. Ke5 f6+ 57. Kd5 h4 58. Nc6+ Kf7 59. Kc5 h3 60. Bc4+ Ke8 61. Bd5 h2 62. Kb6 Kd7 63. Nd4 Ra1 64. Bc6+ Kd6 65. a6 h1=Q 66. Nb5+ Ke5 67. Bxh1 Rxh1 68. Na3 g5 69. Nc4+ Kd4 70. a7 Rh8 71. Na5 Ke4 72. Nc6 Ra8 73. Kb7 Rxa7+ 0-1